[Event "SDS Naestved Open"]
[Site "Naestved"]
[Date "1988.07.28"]
[Round "6"]
[White "Ahlander, Bjorn"]
[Black "Bronnum, Jan"]
[Result "1-0"]
[WhiteElo "2395"]
[BlackElo "2130"]
[PlyCount "87"]
[EventDate "1988.07.23"]
[EventType "swiss"]
[EventRounds "9"]
[EventCountry "DEN"]
[SourceTitle "Gl Danbase og ChessBase"]

1. d4 Nf6 2. c4 e6 3. Nf3 d5 4. Nc3 Bb4 5. Bg5 Nbd7 6. e3 c5 7. cxd5 exd5 8. Bd3 Qa5 9. O-O O-O 10. Nxd5 Nxd5 11. a3 cxd4 12. axb4 Qxb4 13. Nxd4 h6 14. Bh4 Qxb2 15. Ra5 N7f6 16. Rb5 Qa3 17. Rb3 Qc5 18. Qf3 g5 19. Rb5 Qc3 20. Rxd5 Nxd5 21. Bb1 Qc5 22. Bg3 g4 23. Qe4 Nf6 24. Qd3 Re8 25. f3 Be6 26. fxg4 Bc4 27. Qc2 Ne4 28. Rf4 Ba6 29. Rxe4 Qxc2 30. Bxc2 Rec8 31. Re7 b6 32. Bf4 Bc4 33. Be4 Re8 34. Nf5 Rad8 35. Nxh6+ Kf8 36. Rxe8+ Kxe8 37. Bc6+ Kf8 38. Nf5 f6 39. h4 b5 40. h5 Rd2 41. h6 Kg8 42. e4 Rd1+ 43. Kh2 b4 44. Ne3 1-0

[Event "SDS Naestved Open"]
[Site "Naestved"]
[Date "1988.07.28"]
[Round "6"]
[White "Bednarski, Jacek B"]
[Black "Wedberg, Tom"]
[Result "1/2-1/2"]
[WhiteElo "2375"]
[BlackElo "2510"]
[PlyCount "102"]
[EventDate "1988.07.23"]
[EventType "swiss"]
[EventRounds "9"]
[EventCountry "DEN"]
[SourceTitle "Gl Danbase og ChessBase"]

1. e4 e5 2. Nc3 Nf6 3. Nf3 Nc6 4. Bb5 Bb4 5. O-O O-O 6. d3 d6 7. Bg5 Bxc3 8. bxc3 h6 9. Bh4 Kh8 10. Bxc6 bxc6 11. Nd2 g5 12. Bg3 Bg4 13. f3 Be6 14. Bf2 Rg8 15. c4 Nh5 16. Kh1 Rg6 17. Qe1 c5 18. Rg1 Qd7 19. Nf1 g4 20. fxg4 Bxg4 21. Ne3 Nf4 22. Bh4 Rag8 23. Rf1 Bh3 24. gxh3 Qxh3 25. Qf2 Rg2 26. Nxg2 Rxg2 27. Bg3 Rxf2 28. Rxf2 Qg4 29. Bxf4 exf4 30. Raf1 Qe6 31. Rxf4 Qh3 32. Rxf7 Kg8 33. R7f3 Qh5 34. a4 a5 35. Kg2 Qe5 36. R1f2 Qa1 37. h4 h5 38. Rf5 Qxa4 39. Rg5+ Kh7 40. Rxh5+ Kg6 41. Rg5+ Kh6 42. Rgf5 Qa1 43. Rf6+ Kg7 44. Rf7+ Kg8 45. R7f5 a4 46. Rg5+ Kh8 47. Kh2 Qe1 48. Rgg2 a3 49. c3 Kh7 50. Rf7+ Kh6 51. Rf6+ Kh7 1/2-1/2

[Event "SDS Naestved Open"]
[Site "Naestved"]
[Date "1988.07.28"]
[Round "6"]
[White "Busch, Klaus"]
[Black "Armas, Jules"]
[Result "1/2-1/2"]
[WhiteElo "2340"]
[BlackElo "2460"]
[PlyCount "35"]
[EventDate "1988.07.23"]
[EventType "swiss"]
[EventRounds "9"]
[EventCountry "DEN"]
[SourceTitle "Gl Danbase og ChessBase"]

1. Nf3 b5 2. e3 a6 3. b3 Bb7 4. c4 b4 5. d4 e6 6. Bd3 Nf6 7. Nbd2 c5 8. Bb2 Be7 9. dxc5 Bxc5 10. Qc2 O-O 11. O-O h6 12. e4 d6 13. e5 dxe5 14. Nxe5 Nc6 15. Nxc6 Bxc6 16. Ne4 Bd4 17. Rad1 e5 18. Bxd4 1/2-1/2

[Event "SDS Naestved Open"]
[Site "Naestved"]
[Date "1988.07.28"]
[Round "6"]
[White "Ernst, Thomas"]
[Black "Sorensen, Torben N"]
[Result "1-0"]
[WhiteElo "2450"]
[BlackElo "2335"]
[PlyCount "121"]
[EventDate "1988.07.23"]
[EventType "swiss"]
[EventRounds "9"]
[EventCountry "DEN"]
[SourceTitle "Gl Danbase og ChessBase"]

1. e4 e5 2. Nf3 Nc6 3. Bb5 a6 4. Ba4 Nf6 5. O-O Be7 6. Re1 b5 7. Bb3 d6 8. c3 O-O 9. h3 Na5 10. Bc2 c5 11. d4 Qc7 12. Nbd2 cxd4 13. cxd4 Bb7 14. Nf1 Rac8 15. Bb1 Nh5 16. Ne3 Rfe8 17. Nf5 Bf8 18. d5 Nf4 19. Kh2 g6 20. Ne3 Nc4 21. g3 Nh5 22. Nxc4 Qxc4 23. Bd3 Qc7 24. a4 b4 25. Nh4 Nf6 26. a5 Nd7 27. Bd2 Rb8 28. b3 Bc8 29. Ng2 Nc5 30. Bc4 Qd7 31. h4 Qg4 32. Qxg4 Bxg4 33. Be3 Rec8 34. Bxc5 Rxc5 35. Bxa6 Bh6 36. Be2 Bd7 37. Ne3 Bxe3 38. fxe3 Ra8 39. a6 Rc2 40. Kg1 f5 41. exf5 Bxf5 42. Ra4 Be4 43. Rxb4 Bxd5 44. Rb6 Kf7 45. Rxd6 Bxb3 46. Bf3 Ra7 47. Rb6 Be6 48. Ra1 Bc8 49. Ra5 Kg7 50. Bd5 Rd2 51. Bb7 Bg4 52. Rb1 Be2 53. Rb6 Bg4 54. e4 Rd1+ 55. Kf2 Rd2+ 56. Ke3 Rg2 57. Rxe5 h5 58. Rg5 Rxg3+ 59. Kf4 Rf3+ 60. Ke5 Kh7 61. Rgxg6 1-0

[Event "SDS Naestved Open"]
[Site "Naestved"]
[Date "1988.07.28"]
[Round "6"]
[White "Haugli, Petter"]
[Black "Zsinka, Laszlo"]
[Result "1/2-1/2"]
[WhiteElo "2330"]
[BlackElo "2420"]
[PlyCount "91"]
[EventDate "1988.07.23"]
[EventType "swiss"]
[EventRounds "9"]
[EventCountry "DEN"]
[SourceTitle "Gl Danbase og ChessBase"]

1. e4 e5 2. Nf3 Nc6 3. Bb5 a6 4. Ba4 g6 5. c3 d6 6. d4 Bd7 7. O-O Bg7 8. Re1 Qe7 9. d5 Nd8 10. c4 Nf6 11. Nc3 O-O 12. b4 Bg4 13. h3 Bc8 14. Bg5 h6 15. Be3 Nh5 16. c5 f5 17. cxd6 cxd6 18. exf5 gxf5 19. Rc1 Qf7 20. Bb6 Bf6 21. Ne2 Qg6 22. Kh1 Nf7 23. Rc4 Kh8 24. Rg1 Rg8 25. g4 Ng7 26. Bc2 e4 27. gxf5 Qxf5 28. Bxe4 Qxh3+ 29. Nh2 Ne5 30. Nf4 Qh4 31. Rxc8 Qxf4 32. Rxa8 Rxa8 33. Bb1 Rc8 34. Be3 Qh4 35. f4 Nh5 36. fxe5 Bxe5 37. Qd2 Ng3+ 38. Rxg3 Qxg3 39. Bg1 Qh4 40. Qd3 Rc7 41. Qf5 Rg7 42. Qc8+ Rg8 43. Qc2 Rg7 44. Qc8+ Rg8 45. Qc2 Rg7 46. Qc8+ 1/2-1/2

[Event "SDS Naestved Open"]
[Site "Naestved"]
[Date "1988.07.28"]
[Round "6"]
[White "Hector, Jonny"]
[Black "Barbero, Gerardo F"]
[Result "1-0"]
[WhiteElo "2435"]
[BlackElo "2505"]
[PlyCount "67"]
[EventDate "1988.07.23"]
[EventType "swiss"]
[EventRounds "9"]
[EventCountry "DEN"]
[SourceTitle "Gl Danbase og ChessBase"]

1. e4 c6 2. Nc3 d5 3. d4 dxe4 4. Nxe4 Nd7 5. Ng5 Ngf6 6. Bd3 e6 7. N1f3 Bd6 8. Qe2 h6 9. Ne4 Nxe4 10. Qxe4 Nf6 11. Qh4 Bd7 12. Bd2 Qe7 13. Ne5 O-O-O 14. f4 c5 15. Ba5 Bc7 16. Bxc7 Kxc7 17. dxc5 Qxc5 18. Qg3 Be8 19. O-O-O g5 20. Nxf7 Bxf7 21. fxg5+ Rd6 22. gxf6 Rg8 23. Qh3 Qg5+ 24. Kb1 Qxf6 25. Rhf1 Qg7 26. Be4 Rxd1+ 27. Rxd1 Qe5 28. Qd3 Kb8 29. Bxb7 Kxb7 30. Qf3+ Kb6 31. Qf2+ Ka6 32. Qxf7 Rxg2 33. Qd7 Rg7 34. Qc6+ 1-0

[Event "SDS Naestved Open"]
[Site "Naestved"]
[Date "1988.07.28"]
[Round "6"]
[White "Petursson, Margeir"]
[Black "Hoi, Carsten"]
[Result "1-0"]
[WhiteElo "2530"]
[BlackElo "2455"]
[PlyCount "81"]
[EventDate "1988.07.23"]
[EventType "swiss"]
[EventRounds "9"]
[EventCountry "DEN"]
[SourceTitle "Gl Danbase og ChessBase"]

1. d4 d6 2. c4 g6 3. Nc3 Bg7 4. e4 Nf6 5. f3 O-O 6. Be3 Nbd7 7. Bd3 c5 8. Nge2 cxd4 9. Nxd4 Ne5 10. Be2 Nc6 11. O-O Nxd4 12. Bxd4 Be6 13. Qe1 Nd7 14. Bxg7 Kxg7 15. f4 f6 16. Kh1 Rc8 17. b3 a6 18. Rc1 Qa5 19. Qg3 b5 20. Bg4 Bxg4 21. Qxg4 Nc5 22. Nd5 Nd3 23. Rcd1 bxc4 24. Nxe7 Rc7 25. Nd5 Rcf7 26. bxc4 Nb2 27. Rc1 Qd2 28. Qf3 Re8 29. Rc3 Na4 30. Re3 Qxa2 31. Rc1 Nc5 32. h4 Rb8 33. h5 Rb1 34. Rxb1 Qxb1+ 35. Kh2 Qc2 36. Qh3 Nd7 37. Qe6 Qf2 38. Rh3 g5 39. h6+ Kg8 40. Rg3 Qe2 41. Nxf6+ 1-0

[Event "SDS Naestved Open"]
[Site "Naestved"]
[Date "1988.07.28"]
[Round "6"]
[White "Sax, Gyula"]
[Black "Hellers, Ferdinand"]
[Result "1-0"]
[WhiteElo "2600"]
[BlackElo "2490"]
[PlyCount "81"]
[EventDate "1988.07.23"]
[EventType "swiss"]
[EventRounds "9"]
[EventCountry "DEN"]
[SourceTitle "Gl Danbase og ChessBase"]

1. e4 c5 2. Nf3 e6 3. d4 cxd4 4. Nxd4 Nf6 5. Nc3 d6 6. f4 a6 7. Qf3 Qb6 8. Nb3 Qc7 9. g4 b5 10. Bd3 Bb7 11. g5 Nfd7 12. h4 Nc6 13. Be3 Nc5 14. Rh2 Be7 15. Qg3 Nxd3+ 16. cxd3 d5 17. Rc1 O-O 18. Nxd5 exd5 19. exd5 Qd7 20. dxc6 Bxc6 21. Rhc2 Bd5 22. Rc7 Qd8 23. Kf2 Bd6 24. R7c2 Re8 25. Nd4 Qd7 26. Rg1 g6 27. Qg4 Qa7 28. Qh3 Bc5 29. Nf5 Bxe3+ 30. Nxe3 Bxa2 31. b4 Bb3 32. Rc5 Qe7 33. Qf3 h5 34. gxh6 Qxh4+ 35. Qg3 Qxh6 36. f5 Rf8 37. f6 Rfe8 38. Rg5 Re6 39. Qf4 Rae8 40. Rxg6+ Qxg6 41. Rxg6+ 1-0

[Event "SDS Naestved Open"]
[Site "Naestved"]
[Date "1988.07.28"]
[Round "6"]
[White "Schneider, Bernd"]
[Black "Schandorff, Lars"]
[Result "0-1"]
[WhiteElo "2365"]
[BlackElo "2415"]
[PlyCount "82"]
[EventDate "1988.07.23"]
[EventType "swiss"]
[EventRounds "9"]
[EventCountry "DEN"]
[SourceTitle "Gl Danbase og ChessBase"]

1. g3 d5 2. Nf3 Nf6 3. Bg2 c6 4. O-O Bg4 5. h3 Bxf3 6. Bxf3 e5 7. d3 Bd6 8. c4 dxc4 9. dxc4 O-O 10. Nc3 h6 11. Qd3 Qe7 12. Rd1 Rd8 13. Be3 Na6 14. Ne4 Bc5 15. Nxf6+ Qxf6 16. Qe4 Bd4 17. Bxd4 exd4 18. Rd2 Nc5 19. Qf4 Qxf4 20. gxf4 Ne6 21. f5 Ng5 22. Bg2 Rd7 23. Rad1 Rad8 24. e3 dxe3 25. Rxd7 Rxd7 26. Re1 exf2+ 27. Kxf2 Kf8 28. b4 Rd4 29. Rc1 Rf4+ 30. Kg3 Rxf5 31. a4 Ke7 32. a5 Kd7 33. Re1 Ne6 34. Be4 Rg5+ 35. Kf2 Kc7 36. c5 Re5 37. h4 g5 38. Bh7 Rxe1 39. Kxe1 Nf4 40. Kf2 Nd5 41. h5 Nf6 0-1

[Event "SDS Naestved Open"]
[Site "Naestved"]
[Date "1988.07.28"]
[Round "6"]
[White "Sydor, Andrzej"]
[Black "Overgaard, Christian Monrad"]
[Result "1-0"]
[WhiteElo "2335"]
[BlackElo "2210"]
[PlyCount "99"]
[EventDate "1988.07.23"]
[EventType "swiss"]
[EventRounds "9"]
[EventCountry "DEN"]
[SourceTitle "Gl Danbase og ChessBase"]

1. d4 Nf6 2. Nf3 d6 3. Bf4 g6 4. e3 Bg7 5. h3 O-O 6. Be2 c5 7. Nbd2 b6 8. O-O Bb7 9. c3 Nbd7 10. Bh2 Qc7 11. b4 a6 12. Qb3 cxb4 13. cxb4 Bd5 14. Qb2 Qb7 15. Rfc1 b5 16. a4 Rfc8 17. axb5 axb5 18. Rxa8 Rxa8 19. Nb3 Nb6 20. Na5 Qd7 21. Nd2 Rc8 22. Rxc8+ Nxc8 23. Qc2 Bh6 24. Bg3 Na7 25. Bh4 Ne8 26. Nb1 f5 27. Nc3 Bf7 28. Bd3 f4 29. exf4 Bxf4 30. Qe2 Qc7 31. Nxb5 Nxb5 32. Bxb5 Qc1+ 33. Qf1 Qc3 34. Bxe7 Nc7 35. Be2 Qxb4 36. Nc4 Nd5 37. Bd8 Nc3 38. Bd3 Bxc4 39. Bxc4+ d5 40. Ba6 Qxd4 41. Qd3 Qc5 42. Bf6 Ne4 43. Bd4 Qc1+ 44. Qf1 Qd2 45. Qa1 Kf7 46. Bb7 Ng5 47. Bxd5+ Ne6 48. Qa7+ Ke8 49. Bc6+ Kf8 50. Qa8+ 1-0

[Event "SDS Naestved Open"]
[Site "Naestved"]
[Date "1988.07.?9"]
[Round "7"]
[White "Akesson, Ralf"]
[Black "Hellers, Ferdinand"]
[Result "0-1"]
[WhiteElo "2430"]
[BlackElo "2490"]
[PlyCount "64"]
[EventDate "1988.07.23"]
[EventType "swiss"]
[EventRounds "9"]
[EventCountry "DEN"]
[SourceTitle "Gl Danbase og ChessBase"]

1. Nf3 Nf6 2. c4 g6 3. Nc3 Bg7 4. e4 d6 5. d4 O-O 6. h3 e5 7. d5 Na6 8. Be3 Nh5 9. Nd2 Qe8 10. g3 f5 11. exf5 gxf5 12. Be2 Nf6 13. Rg1 Kh8 14. Nb3 Qg6 15. f4 Ne4 16. Nxe4 fxe4 17. Qd2 Bxh3 18. fxe5 Bxe5 19. g4 Rg8 20. O-O-O Raf8 21. Nd4 Nc5 22. Nf5 Qf6 23. Rh1 Bxg4 24. Rxh7+ Kxh7 25. Rh1+ Kg6 26. Bxg4 Rh8 27. Bh6 Nd3+ 28. Kb1 Bf4 29. Qg2 Bxh6 30. Bh5+ Kxf5 31. Qg4+ Ke5 32. Bg6 Qf3 0-1

[Event "SDS Naestved Open"]
[Site "Naestved"]
[Date "1988.07.?9"]
[Round "7"]
[White "Armas, Jules"]
[Black "Ginsburg, Mark"]
[Result "0-1"]
[WhiteElo "2460"]
[BlackElo "2370"]
[PlyCount "110"]
[EventDate "1988.07.23"]
[EventType "swiss"]
[EventRounds "9"]
[EventCountry "DEN"]
[SourceTitle "Gl Danbase og ChessBase"]

1. e4 c5 2. Nf3 e6 3. d4 cxd4 4. Nxd4 Nf6 5. Nc3 d6 6. Be3 a6 7. Qd2 b5 8. f3 Be7 9. g4 O-O 10. O-O-O Bd7 11. g5 Ne8 12. h4 Nc6 13. Nxc6 Bxc6 14. h5 Nc7 15. Bd3 d5 16. g6 d4 17. h6 fxg6 18. hxg7 Rxf3 19. Qh2 h5 20. Bxd4 Qxd4 21. Be2 Qe3+ 22. Kb1 Rf4 23. Rdg1 Be8 24. Nd1 Qd2 25. Qg3 Qd6 26. Nf2 Rxf2 27. Qxf2 Qe5 28. Rf1 Kxg7 29. Bxh5 Bf6 30. c3 gxh5 31. Qg2+ Bg6 32. Rhg1 Bg5 33. Qxg5 Qxg5 34. Rxg5 Kh6 35. Rc5 Bxe4+ 36. Kc1 Nd5 37. Rc6 Re8 38. Rxa6 h4 39. Re1 Nf6 40. a4 h3 41. Re2 Bg2 42. Rexe6 Rxe6 43. Rxe6 h2 44. Re1 Ne4 45. axb5 Ng3 46. b6 Ne2+ 47. Kd2 Ng1 48. Re8 Kg7 49. Re7+ Kg6 50. b7 Bxb7 51. Rxb7 h1=Q 52. Rb4 Nf3+ 53. Kc2 Kf5 54. Kb3 Qd1+ 55. Ka2 Nd2 0-1

[Event "SDS Naestved Open"]
[Site "Naestved"]
[Date "1988.07.?9"]
[Round "7"]
[White "Barbero, Gerardo F"]
[Black "Bednarski, Jacek B"]
[Result "1-0"]
[WhiteElo "2505"]
[BlackElo "2375"]
[PlyCount "69"]
[EventDate "1988.07.23"]
[EventType "swiss"]
[EventRounds "9"]
[EventCountry "DEN"]
[SourceTitle "Gl Danbase og ChessBase"]

1. d4 e6 2. Nf3 Nf6 3. g3 b5 4. a4 b4 5. c4 bxc3 6. bxc3 d5 7. Bg2 Nbd7 8. O-O Ba6 9. Na3 c6 10. c4 Bd6 11. cxd5 cxd5 12. Nb5 Bxb5 13. axb5 O-O 14. Qd3 Qe7 15. Nd2 Nb6 16. e4 Bb4 17. e5 Nfd7 18. Nf3 Rfc8 19. Bg5 Qe8 20. Rfb1 Bf8 21. Ra6 Nc4 22. Bf4 Be7 23. h4 Nf8 24. h5 Rcb8 25. Qb3 Rb6 26. Bf1 Rab8 27. Rxb6 Rxb6 28. Nd2 Na3 29. Ra1 Nxb5 30. Rxa7 Bd8 31. Ra8 Nd6 32. Qc3 Rc6 33. Qa1 Nc4 34. Nxc4 dxc4 35. Qa4 1-0

[Event "SDS Naestved Open"]
[Site "Naestved"]
[Date "1988.07.?9"]
[Round "7"]
[White "Bronnum, Jan"]
[Black "Pilgaard, Kim"]
[Result "1/2-1/2"]
[WhiteElo "2130"]
[BlackElo "2280"]
[PlyCount "149"]
[EventDate "1988.07.23"]
[EventType "swiss"]
[EventRounds "9"]
[EventCountry "DEN"]
[SourceTitle "Gl Danbase og ChessBase"]

1. d4 Nf6 2. Nf3 e6 3. e3 b6 4. Bd3 Bb7 5. Nbd2 Be7 6. O-O O-O 7. e4 d5 8. e5 Nfd7 9. Qe2 c5 10. c3 Nc6 11. a3 a5 12. b3 Qc8 13. Bb2 cxd4 14. cxd4 Ba6 15. Bxa6 Qxa6 16. Qxa6 Rxa6 17. Rfc1 Rc8 18. Rc2 Ra7 19. Rac1 Rac7 20. a4 Bd8 21. Ba3 Na7 22. Ne1 b5 23. axb5 Rxc2 24. Rxc2 Rxc2 25. Nxc2 Nxb5 26. Bb2 Bb6 27. f4 g5 28. g3 g4 29. Kf2 Nb8 30. Ke3 Nc6 31. Kd3 Kg7 32. Nb1 Kg6 33. Nba3 Nxa3 34. Bxa3 h5 35. Bc5 Bd8 36. Ne3 Ne7 37. Bxe7 Bxe7 38. f5+ Kg5 39. fxe6 fxe6 40. Ng2 Kf5 41. Ne3+ Kg6 42. Ng2 Bg5 43. Ne3 Bxe3 44. Kxe3 Kf5 45. Kd3 Kg5 46. Kc3 h4 47. b4 axb4+ 48. Kxb4 hxg3 49. hxg3 Kf5 50. Kc5 Ke4 51. Kd6 Kxd4 52. Kxe6 Kc5 53. Kf5 d4 54. e6 d3 55. e7 d2 56. e8=Q d1=Q 57. Qe5+ Kc6 58. Qe4+ Kc7 59. Qxg4 Qd7+ 60. Kg5 Qd8+ 61. Kh6 Qh8+ 62. Kg6 Qg8+ 63. Kf5 Qf8+ 64. Ke4 Qb4+ 65. Kf3 Qc3+ 66. Kg2 Qc2+ 67. Kh3 Qh7+ 68. Kg2 Qc2+ 69. Kf1 Qc1+ 70. Kf2 Qc5+ 71. Kf3 Qc3+ 72. Ke4 Qb4+ 73. Kf5 Qf8+ 74. Ke5 Qd6+ 75. Ke4 1/2-1/2

[Event "SDS Naestved Open"]
[Site "Naestved"]
[Date "1988.07.?9"]
[Round "7"]
[White "Jakobsen, Ole"]
[Black "Sziva, Erika"]
[Result "1-0"]
[WhiteElo "2385"]
[BlackElo "2220"]
[PlyCount "97"]
[EventDate "1988.07.23"]
[EventType "swiss"]
[EventRounds "9"]
[EventCountry "DEN"]
[SourceTitle "Gl Danbase og ChessBase"]

1. c4 Nf6 2. Nc3 g6 3. e4 d6 4. d4 Bg7 5. f3 O-O 6. Be3 c5 7. Nge2 Nc6 8. Qd2 Qa5 9. d5 Ne5 10. Nc1 Re8 11. Be2 e6 12. O-O exd5 13. cxd5 h5 14. a3 Bd7 15. N1a2 c4 16. h3 Qd8 17. Rae1 Bc8 18. Qc2 a6 19. f4 Ned7 20. Bxc4 b5 21. Bd3 Bb7 22. Qf2 Rc8 23. Bd4 Nc5 24. Bc2 a5 25. b4 axb4 26. axb4 Ncd7 27. Bd3 Ba6 28. e5 Nh7 29. e6 Ndf6 30. Bb6 Qe7 31. Bd4 Qd8 32. exf7+ Kxf7 33. Rxe8 Qxe8 34. Re1 Qd7 35. Qg3 Nf8 36. Qf3 Re8 37. Rd1 N8h7 38. Bc2 Bh6 39. Qd3 Rg8 40. Rf1 Bb7 41. Bb3 Ba6 42. Nc1 Qf5 43. Qxf5 gxf5 44. N1e2 Bb7 45. Ra1 Ra8 46. Rxa8 Bxa8 47. Kf2 Bb7 48. Ke3 Ba6 49. Ng3 1-0

[Event "SDS Naestved Open"]
[Site "Naestved"]
[Date "1988.07.?9"]
[Round "7"]
[White "Jasnikowski, Zbigniew"]
[Black "Sydor, Andrzej"]
[Result "1-0"]
[WhiteElo "2425"]
[BlackElo "2335"]
[PlyCount "97"]
[EventDate "1988.07.23"]
[EventType "swiss"]
[EventRounds "9"]
[EventCountry "DEN"]
[SourceTitle "Gl Danbase og ChessBase"]

1. d4 e6 2. c4 Bb4+ 3. Bd2 Bxd2+ 4. Qxd2 f5 5. Nc3 Nf6 6. g3 O-O 7. Bg2 d6 8. Nf3 Nc6 9. d5 Ne5 10. Nxe5 dxe5 11. O-O exd5 12. cxd5 Ne8 13. Na4 Nd6 14. Qc3 Qe7 15. Rac1 Rf7 16. Nc5 Bd7 17. Nxd7 Qxd7 18. Qxe5 Re8 19. Qd4 Rxe2 20. Rfe1 Qe8 21. Rxe2 Qxe2 22. Bf1 Qf3 23. Rc3 Qh5 24. Qxa7 f4 25. Qd4 fxg3 26. hxg3 Re7 27. Qh4 Qxh4 28. gxh4 Kf7 29. Bh3 Kg6 30. Bg4 Nf5 31. Bxf5+ Kxf5 32. Rb3 b6 33. d6 cxd6 34. Rxb6 d5 35. Rb4 Re1+ 36. Kg2 Ke5 37. Rb7 Ra1 38. a3 d4 39. Kf3 Kf6 40. Ke4 Rd1 41. f4 h5 42. Rb6+ Kf7 43. Rb3 Rh1 44. a4 Rxh4 45. a5 g5 46. a6 Rxf4+ 47. Kd3 Rf3+ 48. Kc4 d3 49. a7 1-0

[Event "SDS Naestved Open"]
[Site "Naestved"]
[Date "1988.07.?9"]
[Round "7"]
[White "Larsen, Bent"]
[Black "Sax, Gyula"]
[Result "1-0"]
[WhiteElo "2560"]
[BlackElo "2600"]
[PlyCount "74"]
[EventDate "1988.07.23"]
[EventType "swiss"]
[EventRounds "9"]
[EventCountry "DEN"]
[SourceTitle "Gl Danbase og ChessBase"]

1. c4 Nf6 2. Nf3 c5 3. g3 d5 4. cxd5 Nxd5 5. Bg2 Nc6 6. O-O e5 7. Nc3 Nc7 8. d3 Be7 9. Nd2 Bd7 10. Nc4 f6 11. f4 b5 12. Ne3 Rc8 13. a4 b4 14. Nb5 exf4 15. Nxc7+ Qxc7 16. Nd5 Qd8 17. gxf4 Be6 18. e4 O-O 19. Be3 Bd6 20. Rc1 Bxd5 21. exd5 Na5 22. Qc2 Re8 23. Rce1 f5 24. Re2 Qd7 25. Rfe1 b3 26. Qc3 Qxa4 27. Bh3 Qb4 28. Bd2 Rxe2 29. Rxe2 Qxc3 30. Bxc3 Nb7 31. Bxf5 Rc7 32. Be6+ Kf8 33. f5 c4 34. f6 gxf6 35. dxc4 Rxc4 36. Bd2 Rc2 37. Bf5 Rc5 1-0

[Event "SDS Naestved Open"]
[Site "Naestved"]
[Date "1988.07.?9"]
[Round "7"]
[White "Petursson, Margeir"]
[Black "Hector, Jonny"]
[Result "1/2-1/2"]
[WhiteElo "2530"]
[BlackElo "2435"]
[PlyCount "104"]
[EventDate "1988.07.23"]
[EventType "swiss"]
[EventRounds "9"]
[EventCountry "DEN"]
[SourceTitle "Gl Danbase og ChessBase"]

1. d4 d5 2. c4 e6 3. Nc3 Nf6 4. cxd5 exd5 5. Bg5 Nbd7 6. e3 Be7 7. Bd3 Nf8 8. Nf3 Ne6 9. Bh4 O-O 10. O-O g6 11. b4 Ng7 12. Qb3 c6 13. b5 Nf5 14. Bxf6 Bxf6 15. Rac1 Ne7 16. Qb4 cxb5 17. Qxb5 b6 18. h3 Be6 19. a4 h5 20. Ne2 Qd6 21. Rc2 Bd7 22. Qb3 Nc6 23. Rc3 Nb4 24. Bb5 Bf5 25. Nf4 Rfc8 26. Rfc1 a6 27. Bf1 a5 28. Rxc8+ Rxc8 29. Rxc8+ Bxc8 30. Nd3 Nxd3 31. Bxd3 Kg7 32. Bb5 Be6 33. Qc3 g5 34. Ne1 Qb4 35. Qxb4 axb4 36. Nd3 Be7 37. Kf1 b3 38. Ke2 Ba3 39. Kd2 b2 40. Kc2 Bf5 41. Kb1 Kf6 42. Ka2 Bxd3 43. Bxd3 Bb4 44. Kxb2 Be1 45. f4 Bf2 46. fxg5+ Ke6 47. Kc3 Bxe3 48. h4 Bf2 49. g6 fxg6 50. Bxg6 Bxh4 51. Bxh5 Bf6 52. Kd3 Bg5 1/2-1/2

[Event "SDS Naestved Open"]
[Site "Naestved"]
[Date "1988.07.?9"]
[Round "7"]
[White "Riemersma, Liafbern"]
[Black "Kosten, Anthony C"]
[Result "1/2-1/2"]
[WhiteElo "2380"]
[BlackElo "2510"]
[PlyCount "44"]
[EventDate "1988.07.23"]
[EventType "swiss"]
[EventRounds "9"]
[EventCountry "DEN"]
[SourceTitle "Gl Danbase og ChessBase"]

1. e4 c5 2. Nf3 Nc6 3. d4 cxd4 4. Nxd4 Nf6 5. Nc3 d6 6. Bc4 e6 7. Be3 a6 8. Qe2 Qc7 9. O-O-O Na5 10. Bd3 b5 11. a3 Rb8 12. g4 Be7 13. Rhe1 Nc4 14. g5 Nxe3 15. Qxe3 Ng4 16. Qg3 Bxg5+ 17. f4 e5 18. Ndxb5 Bxf4+ 19. Qxf4 axb5 20. Bxb5+ Kf8 21. Qd2 Be6 22. Bf1 Rd8 1/2-1/2

[Event "SDS Naestved Open"]
[Site "Naestved"]
[Date "1988.07.?9"]
[Round "7"]
[White "Stempin, Pawel"]
[Black "Dobosz, Henryk"]
[Result "1/2-1/2"]
[WhiteElo "2435"]
[BlackElo "2410"]
[PlyCount "100"]
[EventDate "1988.07.23"]
[EventType "swiss"]
[EventRounds "9"]
[EventCountry "DEN"]
[SourceTitle "Gl Danbase og ChessBase"]

1. Nf3 d5 2. d4 e6 3. c4 c6 4. Nc3 dxc4 5. a4 Bb4 6. e3 b5 7. Bd2 a5 8. axb5 Bxc3 9. bxc3 cxb5 10. Ne5 Nf6 11. Qb1 Qd5 12. Be2 Ne4 13. Bf3 f5 14. Bxe4 fxe4 15. f3 O-O 16. fxe4 Qb7 17. Nf3 Qc6 18. O-O Bb7 19. Bc1 Nd7 20. Ba3 Rf6 21. e5 Rf5 22. Ra2 Nb6 23. Raf2 h6 24. e4 Qxe4 25. Qxb5 Qc6 26. Qb2 Nd5 27. Nh4 Rxf2 28. Qxf2 Qe8 29. Qg3 Qh5 30. Ng6 Re8 31. Nf8 Bc6 32. h4 Ba4 33. Qh3 Bd1 34. Nd7 Qg4 35. Qxg4 Bxg4 36. Rc1 h5 37. Kh2 Rd8 38. Nc5 Rb8 39. g3 Bf5 40. Kg1 Ne3 41. Na4 Rb3 42. Bc5 Nd5 43. Bd6 Kf7 44. Kf2 g5 45. Ke2 Kg6 46. Kd2 g4 47. Ra1 Bd3 48. Ba3 Bf5 49. Bc1 Kf7 50. Ra3 Rxa3 1/2-1/2

[Event "SDS Naestved Open"]
[Site "Naestved"]
[Date "1988.07.30"]
[Round "8"]
[White "Ahlander, Bjorn"]
[Black "Barbero, Gerardo F"]
[Result "1-0"]
[WhiteElo "2395"]
[BlackElo "2505"]
[PlyCount "67"]
[EventDate "1988.07.23"]
[EventType "swiss"]
[EventRounds "9"]
[EventCountry "DEN"]
[SourceTitle "Gl Danbase og ChessBase"]

1. d4 Nf6 2. c4 e6 3. Nf3 d5 4. Nc3 c6 5. cxd5 exd5 6. Bg5 Be7 7. Qc2 O-O 8. e3 Nbd7 9. Bd3 Re8 10. O-O Nf8 11. Rae1 g6 12. Ne5 Ne6 13. f4 Ng7 14. h3 Bf5 15. g4 Bxd3 16. Qxd3 Ne6 17. Bh6 Nd7 18. Nxf7 Kxf7 19. f5 Kg8 20. fxe6 Nf8 21. e4 Bh4 22. Qf3 Nxe6 23. Qf7+ Kh8 24. exd5 Bxe1 25. Rxe1 Qh4 26. Rxe6 Qg3+ 27. Kf1 Qxh3+ 28. Ke2 Rxe6+ 29. dxe6 Qxh6 30. e7 Qh2+ 31. Kd3 Qb8 32. Ne4 Qe8 33. Qf6+ Kg8 34. Nd6 1-0

[Event "SDS Naestved Open"]
[Site "Naestved"]
[Date "1988.07.30"]
[Round "8"]
[White "Bareev, Evgeny"]
[Black "Zsinka, Laszlo"]
[Result "0-1"]
[WhiteElo "2560"]
[BlackElo "2420"]
[PlyCount "26"]
[EventDate "1988.07.23"]
[EventType "swiss"]
[EventRounds "9"]
[EventCountry "DEN"]
[SourceTitle "Gl Danbase og ChessBase"]

1. d4 Nf6 2. c4 e6 3. Nc3 Bb4 4. e3 b6 5. Nge2 Ne4 6. Qc2 Bb7 7. Ng3 Qh4 8. Bd3 f5 9. O-O Bxc3 10. bxc3 O-O 11. Ne2 Rf6 12. Bxe4 Bxe4 13. Qd1 Bf3 0-1

[Event "SDS Naestved Open"]
[Site "Naestved"]
[Date "1988.07.30"]
[Round "8"]
[White "Bednarski, Jacek B"]
[Black "Olesen, Martin"]
[Result "1/2-1/2"]
[WhiteElo "2375"]
[BlackElo "2225"]
[PlyCount "162"]
[EventDate "1988.07.23"]
[EventType "swiss"]
[EventRounds "9"]
[EventCountry "DEN"]
[SourceTitle "Gl Danbase og ChessBase"]

1. e4 e6 2. d4 d5 3. Nc3 Bb4 4. e5 c5 5. a3 Bxc3+ 6. bxc3 Ne7 7. h4 Nbc6 8. h5 h6 9. Nf3 Qa5 10. Bd2 Bd7 11. Bd3 O-O-O 12. O-O c4 13. Be2 f5 14. exf6 gxf6 15. Nh4 Qc7 16. Qc1 e5 17. dxe5 fxe5 18. Bxh6 Nf5 19. Bg5 Nxh4 20. Bxh4 Rdg8 21. Qe3 Bg4 22. Bxg4+ Rxg4 23. Qh3 Qd7 24. Bg3 Re4 25. Qxd7+ Kxd7 26. Rfe1 Rxe1+ 27. Rxe1 Rxh5 28. f4 exf4 29. Bxf4 Ne7 30. Be3 Re5 31. Kf2 b6 32. g4 Ke6 33. Rh1 Kf7 34. Rh7+ Kg6 35. Rh6+ Kg7 36. Rd6 Re4 37. Rd7 Kf6 38. Rxa7 Rxg4 39. Bxb6 Ke6 40. Bd4 Nf5 41. Ra6+ Kd7 42. Bc5 Rf4+ 43. Ke1 Re4+ 44. Kd2 Re6 45. Rxe6 Kxe6 46. a4 Kd7 47. a5 Kc6 48. a6 Ng7 49. Ke3 Ne8 50. Kd4 Nc7 51. a7 Nb5+ 52. Ke5 Kb7 53. Kxd5 Nxc3+ 54. Kxc4 Ne4 55. Kd5 Nd2 56. Kd4 Nf3+ 57. Ke4 Ng5+ 58. Kd5 Nf3 59. Be3 Ne1 60. c3 Ng2 61. Ke4 Ne1 62. Bc5 Ka8 63. Ke3 Ng2+ 64. Kf3 Ne1+ 65. Ke2 Ng2 66. Bd6 Nh4 67. Bb8 Nf5 68. Kd3 Ne7 69. Kc4 Nc6 70. Kb5 Nd8 71. Bc7 Nf7 72. Bb6 Ne5 73. Bd4 Nc6 74. Be3 Nd8 75. Bf2 Nc6 76. Kc4 Ne5+ 77. Kd5 Nd3 78. Bd4 Nb2 79. Ke4 Nc4 80. Kd5 Nb2 81. Kc6 Na4 1/2-1/2